=LDR 00000nam 2200000 4500 =001 INLIS000000000050199 =005 20170425100329 =035 ##$$a 0010-0417000014 =007 ta =008 170425###########################0###### =020 ##$$a 978 - 602 - 6421 - 01 - 2 =082 ##$$a 371.04 =084 ##$$a 371.04 SAT b =100 #$$a Satmoko, R =245 1#$$a Buku Pintar sekolah Alternatif /$c R.Satmoko =250 ##$$a Cet.1 =260 ##$$a Jakarta :$b Pedar Kindy,$c 2016 =300 ##$$a viii, 174 hlm. ; $c 20 cm. =650 ##$$a Pendidikan =990 ##$$a 72707270 =990 ##$$a 72707270 =990 ##$$a 31700915 =990 ##$$a 02201707270 =990 ##$$a 31700916 =990 ##$$a 31700915